00774nam a2200193 i 450000100060000000300090000600500170001500700030003200800410003510000380007624501860011426000330030030000220033370000320035570000220038785200320040999900170044195201220045899788ES-MaACL20230906182544.0t|050915s1972 sp ||||1| spa d1 aMartínez Lozano, Sabino.97819510aEn la cima del Monte Santo b: correspondencia espiritual entre el P. Lozano, O.P. y J. Pastor, C.P. / cSabino Martínez Lozano; [edición ...por el P. Arturo Alonso Lobo, O.P.]. aSalamanca : bAnaya, c1972. a736 p. ; c22 cm.1 aAlonso Lobo, Arturo.9203471 aPastor, J.989477 aES-MaACLjC-43759 bR.83476 c99788d99788 00104070aATENEOMbATENEOMcDEPO2d2008-01-17eSCl0oC-43759p1104194r2023-02-23 00:00:00w2023-02-23yMONOGRAFIA